| 000 | 01195nam a22002777a 4500 | ||
|---|---|---|---|
| 003 | OSt | ||
| 005 | 20230315104536.0 | ||
| 007 | cr ||||||a|c|a | ||
| 008 | 230223s2020 mx a|||fom||| 001 0 spa d | ||
| 040 | _erda | ||
| 100 | 1 |
_9186027 _aGonzalez Florez, Nancy Elena |
|
| 245 | 1 |
_aHerencia de características de la progenie de aguacate "hass" x "pionero" / _cpor Nancy Elena Gonzalez Florez; director de tesis Alejandro Facundo Barrientos Priego. |
|
| 264 |
_aChapingo, México : _bEl autor, _c2020. |
||
| 300 |
_a1 recurso en línea (66 páginas). _bcuadros, figuras. |
||
| 336 |
_2rdacontent _atexto _btxt |
||
| 337 |
_2rdamedia _acomputadora _bc |
||
| 338 |
_2rdacarrier _arecurso en línea _bcr |
||
| 502 |
_bMCH _cFitotecnia _d2020. _gMAE |
||
| 504 | _aIncluye referencias bibliográficas: páginas 20-22, 45-46, 62-63. | ||
| 650 | 2 |
_92518 _aAguacate _xGenética |
|
| 650 | 2 |
_92516 _aAguacate _xFisiología y morfología |
|
| 650 | 2 |
_92495 _aAguacate _xCalidad |
|
| 700 | 1 |
_910489 _aBarrientos Priego, Alejandro F. _eDirector de tesis. |
|
| 856 |
_uhttp://10.13.5.2/tesis/tm/2020_FI_Gonzalez_Florez_NancyElena.pdf _zDESCARGAR PDF |
||
| 942 |
_2Clasificación Universidad Autónoma Chapingo _cTD |
||
| 999 |
_c218433 _d218433 |
||